000 00479nam a2200193 i 4500
001 bg
245 0 _aABS Antiblockiersysteme /
_cAutodata.
254 _a9201-1
260 _aBerkshire :
_bAutodata,
_c1993.
300 _a480 s. :
_brys. ;
_c25 cm.
650 9 _asamochody osobowe europejskie
650 9 _asamochody osobowe japoĊ„skie
650 9 _aABS
040 _cBPK
041 _ade
080 _a629.114
942 _cKA
008 s pl f |000 0 pol
999 _c24148
_d24148
856 _uhttp://koha.tu.koszalin.pl/cgi-bin/koha/opac-detail.pl?biblionumber=24148
_yKatalog online BPK